Genetic fidelity analysis of polyembryony designed multiple seedlings and their bud grafted counterparts in Hevea brasiliensis (Record no. 74408)

MARC details
000 -LEADER
fixed length control field 00505nam a2200133Ia 4500
100 ## - MAIN ENTRY--AUTHOR NAME
Personal name Antu Mariam Mammen
245 #0 - TITLE STATEMENT
Title Genetic fidelity analysis of polyembryony designed multiple seedlings and their bud grafted counterparts in Hevea brasiliensis
260 ## - PUBLICATION, DISTRIBUTION, ETC. (IMPRINT)
Name of publisher Mahatma Gandhi University
Place of publication Kottayam
Year of publication 2013
500 ## - GENERAL NOTE
General note Copy not available (Details from Biotech Dvn)
700 ## - ADDED ENTRY--PERSONAL NAME
Personal name Dr Rekha, K
850 ## - HOLDING INSTITUTION
Holding institution Rubber Research Institute of India
942 ## - ADDED ENTRY ELEMENTS (KOHA)
Koha item type Theses
Holdings
Withdrawn status Lost status Damaged status Not for loan Collection code Home library Current library Shelving location Date acquired Koha item type
      Theses Dissertation RRII Library RRII Library Biotechnology 31/12/2021 Theses